| 000 | 00414nam a2200157Ia 4500 | ||
|---|---|---|---|
| 008 | 210716s1993 xx 000 0 und d | ||
| 020 | _a8170290546 | ||
| 041 | _aeng | ||
| 082 | _a005.133 PARR | ||
| 100 | _aParikh, Riku; Jalan, Anup; Desai, Soham. | ||
| 245 | _aVijay Mukhi's c under dos test. | ||
| 250 | _a1 | ||
| 260 |
_aNew Delhi _bBPB Publications _c1993 |
||
| 300 | _a247,xiii | ||
| 650 | _aC Programming | ||
| 999 |
_c184748 _d184748 |
||